000 00327nam a22001457a 4500
020 _a978-93-82515-79-1
082 _a894.812.1
_bPON/H
100 _aPONNANI, IBRAHIM
245 _a111 BALAKAVITHAKAL
260 _aTHRISSUR
_bH & C PUBLISHING HOUSE
_c2012
300 _a96
520 _aPOETRY
650 _aPOETRY
942 _cBK
999 _c4426
_d4426